|
|
|
|
| LEADER |
00000nam a2200000Ia 4500 |
| 008 |
180926b2008 cu ||||| |||| 00| | spa d |
| 999 |
|
|
|c 2464
|d 2464
|
| 090 |
|
|
|a CD #188
|
| 111 |
|
|
|a Congreso Iberoamericano de Ciencia, Tecnología y Género (7 : 2008 feb.18-21 : La Habana, Cuba)
|9 4328
|
| 245 |
1 |
4 |
|a VII Congreso Iberoamnericano de Ciencia, Tecnología y Género /
|c Congreso Iberoamericano de Ciencia, Tecnología y Género (7 : 2008 feb.18-21 : La Habana, Cuba)
|
| 260 |
|
|
|a La Habana, Cuba,
|c 2008
|
| 300 |
|
|
|a disco compacto
|
| 650 |
1 |
4 |
|a CONFERENCIA
|9 506
|
| 650 |
1 |
4 |
|a CIENCIA
|9 890
|
| 650 |
1 |
4 |
|a TECNOLOGÍA
|9 28
|
| 650 |
1 |
4 |
|a GÉNERO
|9 69
|
| 942 |
|
|
|i 002164
|h CD #188
|2 z
|c 08
|